000 00366nam a2200157Ia 4500
003 0STCL
008 150530s9999 xx 000 0 und d
040 _aSTCL
_cSTCL
100 _aScott Norman, R.
245 _aElectronic computer technology
260 _bMcgraw hill
_c1970
546 _aEnglish
942 _2ddc
_cBK
999 _c29816
_d29816
005 20220125170156.0